000 00385nam a2200181Ia 4500
001 10748
005 20260306161855.0
008 260306t1977||||xx |||||||||||||| ||spa||
041 _aESP
082 _a947
_bS748
100 _aShub, David
_eAUT
245 0 _aLenin:
_b1870-1917
260 _c1977
300 _a
_c
650 _aGEN
654 _aCHU
942 _cLIB
_dJUS
_fJUS
_2ddc
_n
999 _c10748
_d10748